000 00324nam a2200121 a 4500
005 20140414131911.0
008 101012s19uu xx 00 eng d
050 _aER
_bB63 1995
100 _aSadler, Marilyn
245 _aBob 'n John :
_bAt lake kitty paw paw.
260 _as.l :
_bTroll Associates,
_c1995.
999 _c111212
_d111212